|
|
|
|
| LEADER |
00000naa0a2200000 4500 |
| 001 |
595943 |
| 005 |
20250318150107.0 |
| 035 |
|
|
|a (RuTPU)RU\TPU\tpu\17847
|
| 035 |
|
|
|a RU\TPU\tpu\17843
|
| 090 |
|
|
|a 595943
|
| 100 |
|
|
|a 20100723d1999 k y0rusy50 ca
|
| 101 |
0 |
|
|a rus
|
| 102 |
|
|
|a RU
|
| 200 |
1 |
|
|a Особенности формирования и свойства контактной зоны в бетонах на продукте электроимпульсного дробления
|f И. В. Кащук [и др.]
|
| 330 |
|
|
|a Установлено существенное увеличение толщины и микротвердости контактной зоны цементного камня и заполнителей электроимпульсного дробления по сравнению с заполнителями механического дробления. Микроскопическим методом определен характер распределения видимых пор в объеме цементного камня и на границе раздела фаз. Показано, что первоначальные поры, тяготеющие к контактной зоне, заполняются частицами, слагающими цементный камень и цементным гелем. Имеет место проникновение продуктов гидратации в поверхностные микротрещины заполнителя электроимпульсного дробления и более развитая с размытым контуром зона межфазных взаимодействий
|
| 333 |
|
|
|a В фонде НТБ ТПУ отсутствует
|
| 463 |
|
|
|t Нетрадиционные технологии в строительстве
|o материалы международного научно-технического семинара (Томск, 25-28 мая 1999)
|h Ч. 1.
|v С. 246-248
|d 1999
|
| 610 |
1 |
|
|a труды учёных ТПУ
|
| 701 |
|
1 |
|a Кащук
|b И. В.
|c экономист
|c доцент Томского политехнического университета, кандидат технических наук
|f 1958-
|g Ирина Вадимовна
|3 (RuTPU)RU\TPU\pers\25428
|9 11370
|
| 701 |
|
1 |
|a Левашов
|b Б. М.
|
| 701 |
|
1 |
|a Сафронов
|b В. Н.
|
| 701 |
|
1 |
|a Верещагин
|b В. И.
|c химик-технолог
|c профессор Томского политехнического университета, доктор технических наук
|f 1942-
|g Владимир Иванович
|3 (RuTPU)RU\TPU\pers\19774
|9 7712
|
| 801 |
|
1 |
|a RU
|b 63413507
|c 20100722
|
| 801 |
|
2 |
|a RU
|b 63413507
|c 20100723
|g RCR
|
| 942 |
|
|
|c BK
|